000 00805nam a2200253 a 4500
001 1138
003 BR-CuiBMT
005 20231129202529.0
008 231129s2004 SPBa 000 0 por d
020 _a8586872377
040 _aBR-CuiBMT
_cBR-CuiBMT
080 _a691:658.56
_22007
090 _a691:658.56
_bS729g
100 1 0 _aSouza, Roberto de.
245 1 0 _aGestão de materiais de construção /
_cRoberto de Souza, Marcos Roberto Tamaki.
260 _aSão Paulo :
_bO Nome da Rosa,
_c2004.
300 _a134 p. :
_bil. ;
_c28 cm
504 _ainclui bibliografia
650 _a Materiais de construção
_xControle de qualidade
650 _aAdministração de materiais
650 _aIndústria da construção
_xControle de qualidade
700 _aTamaki, Marcos Roberto
942 _2udc
_cLV
999 _c1138
_d1138